000 00638nam a22001457a 4500
020 _a81-7229-200-9
082 _a920
_bMAH/E
100 _aGANDHI, M.K
245 _aANTE SATHYANESHANA PAREEKSHANA KATHA
260 _a1997
_bNAVAJEEVAN PUBLISHING HOUSE
_cAHAMMADABAD
300 _a357
520 _aIn this book, Gandhi narrates his life story from his childhood to his involvement in the Indian independence movement, revealing his thoughts, beliefs, struggles, and achievements. He also shares his insights on various topics such as truth, non-violence, religion, caste, education, health, and politics.
650 _aNOVEL
942 _cBK
999 _c5358
_d5358